=LDR 00000nam 2200000 4500 =001 INLIS000000000033383 =005 20210413101501 =035 ##$$a 0010-061300000033383 =008 210413###########################0###### =041 ##$$a iND =082 ##$$a 345.077 3 =090 ##$$a 345.077 3, And P =100 ##$$a Hamzah,Andi =245 1#$$a Pidana mati di Indonesia dimasa lalu,kini dan di masa depan, Andi Hamzah,A.Sumangelipu =260 ##$$a 1984 :$b Jakarta =300 ##$$a 142 hlm., ilus., 19 cm =650 #4$$a Pemidanaan =850 ##$$a NBPNMAT